Akadémia hoteliera: Chránite svojich zamestnancov?

Manažér hotela by mal chrániť nielen hostí, ale aj svojich zamestnancov. Hotel by mal vedieť, kto v ňom býva. Bezpečnosť recepčnej. Sexuálny harassment a mobbing. Krádež v hoteli. Praktické príklady.

Salvato in:
Dettagli Bibliografici
Autore principale: Pupišová, Iveta
Natura: Capitolo di libro
Lingua:slovacco
Soggetti:
Tags: Aggiungi Tag
Nessun Tag, puoi essere il primo ad aggiungerne!!

MARC

LEADER 00000naa a2200000 4500
001 0247868
005 20180925093329.2
041 0 |a slo 
044 |a SK 
245 1 0 |a Akadémia hoteliera: Chránite svojich zamestnancov?  |c Iveta Pupišová 
520 |a Manažér hotela by mal chrániť nielen hostí, ale aj svojich zamestnancov. Hotel by mal vedieť, kto v ňom býva. Bezpečnosť recepčnej. Sexuálny harassment a mobbing. Krádež v hoteli. Praktické príklady. 
610 2 0 |a hotelierstvo 
610 2 0 |a hotely 
610 2 0 |a klienti 
610 2 0 |a manažéri 
610 2 0 |a zamestnanci 
610 2 0 |a bezpečnosť 
610 2 0 |a riziko 
100 1 |a Pupišová, Iveta